|
|
|
|
| LEADER |
00913nta a2200193 i 4500 |
| 001 |
dipl51009 |
| 005 |
20150323191136.0 |
| 008 |
150323s2013 hu om 0|| zxx d |
| 040 |
|
|
|a SZTE Diploma Repozitórium
|b hun
|
| 041 |
|
|
|a zxx
|
| 100 |
1 |
|
|a Jován Mariann
|
| 245 |
1 |
2 |
|a A fenntartható fejlődés lehetőségei a mosószeriparban
|h [elektronikus dokumentum] :
|b helyzetelemzés a Henkel Magyarország Körösladányi gyárának vonatkozásában /
|c Mariann Jován
|
| 246 |
1 |
0 |
|a Prospects of the sustainable development in the detergent industry: a case study about the Körösladány Factory of Henkel Hungary Ltd.
|h [elektronikus dokumentum]
|
| 260 |
|
|
|c 2013
|
| 650 |
|
4 |
|a Természettudományok
|
| 650 |
|
4 |
|a Natural sciences
|
| 700 |
0 |
1 |
|a Halász János
|e ths
|
| 700 |
0 |
1 |
|a Váradi István
|e ths
|
| 856 |
4 |
0 |
|u https://diploma.bibl.u-szeged.hu/id/eprint/51009/1/2013_Jov%C3%A1n_Mariann_JOMSAAT_SZE_SZ.pdf
|z Dokumentum-elérés
|